[Event "24th ch-EUR Indiv 2024"]
[Site "Petrovac MNE"]
[Date "2024.11.10"]
[Round "3.13"]
[White "Cheparinov, Ivan"]
[Black "Gorshtein, Ido"]
[Result "1-0"]
[WhiteTitle "GM"]
[BlackTitle "GM"]
[WhiteElo "2632"]
[BlackElo "2528"]
[WhiteFideId "2905540"]
[BlackFideId "2815532"]
[EventDate "2024.11.08"]

1. e4 c5 2. Nf3 d6 3. d4 cxd4 4. Nxd4 Nf6 5. Nc3 a6 6. f3 e6 7. g4 h6 8. Qe2 b5
9. a3 Nbd7 10. h4 Bb7 11. Rh3 g6 12. g5 Nh5 13. Be3 e5 14. Nb3 Be7 15. Qd2 Kf8
16. a4 b4 17. Nd5 Bxd5 18. exd5 hxg5 19. hxg5 Kg7 20. O-O-O Nf4 21. Bxf4 exf4
22. Rxh8 Kxh8 23. Qxb4 a5 24. Qc3+ Ne5 25. Nd4 Bxg5 26. Nc6 Qb6 27. Nxe5 dxe5
28. d6 Kg7 29. Qxe5+ Bf6 30. Qb5 Qe3+ 31. Kb1 Qxf3 32. Be2 Qe3 33. Bc4 Rf8 34.
Qxa5 Rb8 35. Bb5 f3 36. d7 f2 37. Qb4 g5 38. Ka2 Qe6+ 39. Kb1 Qf5 40. Rf1 g4 41.
Qd6 Qe4 42. Qxb8 1-0

[Event "24th ch-EUR Indiv 2024"]
[Site "Petrovac MNE"]
[Date "2024.11.10"]
[Round "3.14"]
[White "Kacharava, Nikolozi"]
[Black "Suleymanli, Aydin"]
[Result "1/2-1/2"]
[WhiteTitle "GM"]
[BlackTitle "GM"]
[WhiteElo "2525"]
[BlackElo "2632"]
[WhiteFideId "13611860"]
[BlackFideId "13413937"]
[EventDate "2024.11.08"]

1. e4 e5 2. Nf3 Nc6 3. Bc4 Nf6 4. Ng5 d5 5. exd5 Na5 6. Bb5+ c6 7. dxc6 bxc6 8.
Bd3 Nd5 9. Nf3 Bd6 10. O-O Nf4 11. Nc3 Nxd3 12. cxd3 O-O 13. b3 f6 14. Re1 Ba6
15. d4 exd4 16. Nxd4 Bxh2+ 17. Kxh2 Qxd4 18. Ba3 c5 19. Ne4 Nb7 20. Qh5 Rad8 21.
Bxc5 Nxc5 22. Qxc5 Bd3 23. Qxd4 Rxd4 24. Nc5 Bf5 25. d3 Rc8 26. Rac1 Kf7 27. f3
Rd5 28. b4 h5 29. Rc3 a5 30. a3 axb4 31. axb4 Bxd3 32. Ra3 Bf5 33. Ra7+ Kg6 34.
Ree7 Rg8 35. Kg1 h4 36. Kf2 Rd2+ 37. Re2 Rxe2+ 38. Kxe2 Rb8 39. Rb7 Ra8 40. Nb3
Ra2+ 41. Nd2 Rb2 42. Ke3 Bc8 43. Rb6 Bf5 44. Rb7 Bc8 45. Rb6 Kf7 46. Rb8 Bd7 47.
Rb7 Ke8 48. Kd3 Kd8 49. Kc3 Ra2 50. Rb8+ Bc8 51. Rb5 g5 52. Ra5 Rxa5 53. bxa5
Kc7 54. Kd4 g4 55. fxg4 Bxg4 56. Ke3 h3 57. gxh3 Bxh3 1/2-1/2

[Event "24th ch-EUR Indiv 2024"]
[Site "Petrovac MNE"]
[Date "2024.11.10"]
[Round "3.15"]
[White "Yuffa, Daniil"]
[Black "Alexakis, Dimitris"]
[Result "1/2-1/2"]
[WhiteTitle "GM"]
[BlackTitle "IM"]
[WhiteElo "2631"]
[BlackElo "2520"]
[WhiteFideId "24131423"]
[BlackFideId "4277023"]
[EventDate "2024.11.08"]

1. d4 Nf6 2. c4 e6 3. g3 c5 4. d5 exd5 5. cxd5 d6 6. Nc3 g6 7. Bg2 Bg7 8. Nf3
O-O 9. O-O Re8 10. Re1 a6 11. a4 Nbd7 12. Bf4 Ng4 13. a5 Nde5 14. Ne4 h6 15. Qc1
Kh7 16. Ra3 Bf5 17. Bxe5 dxe5 18. Nfd2 Rc8 19. Rb3 Bxe4 20. Nxe4 f5 21. h3 Nf6
22. Nxf6+ Qxf6 23. Rb6 Qf7 24. d6 e4 25. Rd1 Red8 26. Qf4 Rd7 27. Qc1 Bf6 28.
Rb4 cxb4 29. Qxc8 Bxb2 30. e3 Be5 31. Qc5 Qe6 32. Qxb4 Bxd6 33. Qb6 Qe7 34. Bf1
h5 35. h4 Be5 36. Be2 Rxd1+ 37. Bxd1 Qc7 38. Bb3 Qxb6 39. axb6 Bd6 40. Bd5 a5
41. Bxb7 Bc5 42. Bc6 Bxb6 43. Kf1 g5 44. hxg5 Kg6 45. Kg2 Kxg5 46. f3 Bxe3 47.
fxe4 fxe4 48. Bxe4 a4 49. Kh3 a3 50. Bb1 Bd4 1/2-1/2

[Event "24th ch-EUR Indiv 2024"]
[Site "Petrovac MNE"]
[Date "2024.11.10"]
[Round "3.17"]
[White "Hovhannisyan, Robert"]
[Black "Iskandarov, Misratdin"]
[Result "1-0"]
[WhiteTitle "GM"]
[BlackTitle "GM"]
[WhiteElo "2613"]
[BlackElo "2506"]
[WhiteFideId "13302507"]
[BlackFideId "13400312"]
[EventDate "2024.11.08"]

1. e4 e5 2. Nf3 Nc6 3. Nc3 Nf6 4. Bb5 Bc5 5. O-O O-O 6. Nxe5 Nxe5 7. d4 Bd6 8.
dxe5 Bxe5 9. Bd3 Re8 10. Bg5 h6 11. Bh4 g5 12. f4 Bxc3 13. fxg5 hxg5 14. Bxg5
Be5 15. Qf3 Kg7 16. Rf2 Rh8 17. h3 d6 18. Raf1 Be6 19. b3 Qe7 20. Bxf6+ Qxf6 21.
Qxf6+ Bxf6 22. Rxf6 Rae8 23. Be2 Re7 24. R6f4 Rh6 25. Kh2 Bd7 26. Bc4 Be6 27.
Bd3 Rh5 28. g4 Re5 29. Kg3 b5 30. a3 a6 31. h4 c5 32. Be2 c4 33. bxc4 bxc4 34.
Rd1 Ra5 35. Rxd6 Rxa3+ 36. Rf3 Ra1 37. Rc3 a5 38. h5 Rg1+ 39. Kf4 Ra7 40. Rd1
Rxd1 41. Bxd1 a4 42. Ra3 Bd7 43. g5 Rb7 44. Bg4 Bxg4 45. Kxg4 Ra7 46. c3 Ra5 47.
e5 Ra7 48. Kf4 Ra8 49. Ke4 Ra5 50. Kd4 Kh7 51. h6 Kg6 52. Ra1 a3 53. Rh1 Kh7 54.
e6 fxe6 55. g6+ Kh8 56. g7+ Kh7 57. Rf1 Rf5 58. Rg1 Rd5+ 59. Kxc4 Rd8 60. Kb3
Rg8 61. Rh1 Ra8 62. Ka2 e5 63. Rf1 Kg8 64. Rf8+ 1-0

[Event "24th ch-EUR Indiv 2024"]
[Site "Petrovac MNE"]
[Date "2024.11.10"]
[Round "3.18"]
[White "Theodorou, Nikolas"]
[Black "Camlar, Arda"]
[Result "1-0"]
[WhiteTitle "GM"]
[BlackTitle "FM"]
[WhiteElo "2612"]
[BlackElo "2445"]
[WhiteFideId "4262875"]
[BlackFideId "44576692"]
[EventDate "2024.11.08"]

1. e4 e5 2. Nf3 Nf6 3. Nxe5 d6 4. Nf3 Nxe4 5. d4 d5 6. Bd3 Bd6 7. O-O O-O 8. c4
c6 9. cxd5 cxd5 10. Nc3 Nxc3 11. bxc3 h6 12. Re1 Nd7 13. Qb3 Nf6 14. a4 b6 15.
Ba3 Be6 16. Ne5 Rc8 17. Qb2 Bxa3 18. Qxa3 Qc7 19. Rac1 Rfe8 20. h3 Nd7 21. Nf3
Nb8 22. Re3 Bd7 23. Rce1 Rxe3 24. Rxe3 Re8 25. Ne5 Nc6 26. Nxd7 Qxd7 27. Qd6 Qc8
28. Bf5 Qa8 29. Qxd5 Rxe3 30. fxe3 Qe8 31. e4 Ne7 32. Qd7 Qf8 33. Qxa7 Nxf5 34.
exf5 Qa3 35. Qb8+ Kh7 36. Kh2 Qc1 37. Qc7 f6 38. Qg3 Qc2 39. Qg6+ Kh8 40. Qe8+
Kh7 41. Qe6 Qxc3 42. Qxb6 Qd2 43. Qd6 Qa5 44. Qa3 Qxf5 45. Qa1 Qa5 46. Qd1 Qd5
47. Qd2 Kg8 48. a5 Kf7 49. Qb4 Qe6 50. Qb6 Qe4 51. Qc7+ Kg6 52. a6 f5 53. a7 1-0

[Event "24th ch-EUR Indiv 2024"]
[Site "Petrovac MNE"]
[Date "2024.11.10"]
[Round "3.19"]
[White "Rasulov, Vugar"]
[Black "Dardha, Daniel"]
[Result "0-1"]
[WhiteTitle "GM"]
[BlackTitle "GM"]
[WhiteElo "2511"]
[BlackElo "2606"]
[WhiteFideId "13402390"]
[BlackFideId "240990"]
[EventDate "2024.11.08"]

1. e4 c6 2. Nf3 d5 3. d3 g6 4. e5 c5 5. d4 Bg4 6. c4 Nc6 7. dxc5 dxc4 8. Qxd8+
Rxd8 9. Bxc4 Nxe5 10. Bb5+ Bd7 11. Bxd7+ Nxd7 12. Be3 Bh6 13. c6 bxc6 14. Bxh6
Nxh6 15. Ke2 Nc5 16. Nc3 f6 17. Rhd1 e5 18. Rac1 Ke7 19. Nd5+ Rxd5 20. Rxd5 cxd5
21. Rxc5 Rb8 22. b3 Kd6 23. Ra5 Rb7 24. Ne1 Nf5 25. Ra6+ Ke7 26. Nc2 Nd6 27. Ne3
Ke6 28. Kd3 h5 29. g3 h4 30. Nc2 h3 31. Na3 g5 32. Nc2 d4 33. Na3 Rb6 34. Rxa7
Rc6 35. f3 Rc3+ 36. Ke2 Rc1 37. Ra6 Kd5 38. Ra5+ Kc6 39. Ra6+ Kc7 40. Ra7+ Kb6
41. Rh7 Ra1 42. Kd3 Rxa2 43. Nc4+ Nxc4 44. bxc4 Rxh2 45. Rf7 Rh1 0-1

[Event "24th ch-EUR Indiv 2024"]
[Site "Petrovac MNE"]
[Date "2024.11.10"]
[Round "3.20"]
[White "Culum, Sanjin"]
[Black "Chigaev, Maksim"]
[Result "0-1"]
[WhiteTitle "FM"]
[BlackTitle "GM"]
[WhiteElo "2432"]
[BlackElo "2605"]
[WhiteFideId "14420937"]
[BlackFideId "4108116"]
[EventDate "2024.11.08"]

1. e4 c6 2. d4 d5 3. e5 c5 4. Nf3 Bg4 5. dxc5 Nc6 6. c3 Bxf3 7. Qxf3 e6 8. Be3
a6 9. Qg3 h5 10. f4 Nh6 11. Bd3 d4 12. Bg1 Qd7 13. Na3 Bxc5 14. Nc2 O-O-O 15.
O-O-O Qd5 16. c4 Qd7 17. Be4 Nf5 18. Qf3 f6 19. exf6 gxf6 20. Bf2 Nfe7 21. Rhe1
h4 22. Bd3 Kb8 23. Qe4 Qc7 24. g3 hxg3 25. Bxg3 Rd6 26. f5 e5 27. a3 a5 28. h4
a4 29. Rg1 Rdd8 30. Be1 Nc8 31. Nb4 Bxb4 32. axb4 Nd6 33. Qe2 e4 34. Bxe4 Rhe8
35. Rg4 Ne5 36. Rf4 Ndxc4 37. Kb1 d3 38. Qf2 a3 39. b3 Nb2 40. Rc1 a2+ 0-1

[Event "24th ch-EUR Indiv 2024"]
[Site "Petrovac MNE"]
[Date "2024.11.10"]
[Round "3.21"]
[White "Kalogeris, Ioannis"]
[Black "Erdogmus, Yagiz Kaan"]
[Result "0-1"]
[WhiteTitle "IM"]
[BlackTitle "GM"]
[WhiteElo "2431"]
[BlackElo "2604"]
[WhiteFideId "4239563"]
[BlackFideId "44599790"]
[EventDate "2024.11.08"]

1. e4 e5 2. Nf3 Nc6 3. Bb5 a6 4. Ba4 Nge7 5. Nc3 Ng6 6. a3 Bc5 7. d3 d6 8. Bg5
f6 9. Be3 Bxe3 10. fxe3 Be6 11. d4 b5 12. Bxb5 axb5 13. d5 Bd7 14. dxc6 Bxc6 15.
O-O Qd7 16. Qd3 O-O 17. Rf2 f5 18. exf5 Rxf5 19. e4 Nf4 20. Qe3 Rf6 21. Raf1 Qg4
22. Ne1 Raf8 23. h3 Qg6 24. Kh2 Qh6 25. Nd3 g5 26. Nb4 Bd7 27. Qg3 c6 28. Nd1 g4
29. Ne3 Rg6 30. h4 Rg5 31. Nf5 Bxf5 32. exf5 Rh5 33. Qb3+ Kh8 34. g3 Rxh4+ 35.
gxh4 Qxh4+ 36. Kg1 g3 37. Rd2 g2 0-1

[Event "24th ch-EUR Indiv 2024"]
[Site "Petrovac MNE"]
[Date "2024.11.10"]
[Round "3.22"]
[White "Koelle, Tobias"]
[Black "Petrov, Nikita"]
[Result "1/2-1/2"]
[WhiteTitle "IM"]
[BlackTitle "GM"]
[WhiteElo "2414"]
[BlackElo "2590"]
[WhiteFideId "16207378"]
[BlackFideId "4101286"]
[EventDate "2024.11.08"]

1. d4 Nf6 2. c4 e6 3. Nc3 d5 4. cxd5 exd5 5. Bg5 c6 6. e3 Be7 7. Qc2 Nbd7 8. Bd3
Nf8 9. Bxf6 Bxf6 10. f4 Qe7 11. Kf2 g5 12. Nf3 Bg4 13. fxg5 Bxg5 14. Nxg5 Qxg5
15. Rhe1 Ne6 16. Kg1 Bh5 17. Qf2 Bg6 18. Rad1 O-O 19. e4 dxe4 1/2-1/2

[Event "24th ch-EUR Indiv 2024"]
[Site "Petrovac MNE"]
[Date "2024.11.10"]
[Round "3.23"]
[White "Tutisani, Noe"]
[Black "Maurizzi, Marc'Andria"]
[Result "1/2-1/2"]
[WhiteTitle "IM"]
[BlackTitle "GM"]
[WhiteElo "2411"]
[BlackElo "2585"]
[WhiteFideId "13602853"]
[BlackFideId "36083534"]
[EventDate "2024.11.08"]

1. e4 e5 2. Nf3 Nc6 3. Bb5 a6 4. Ba4 Nf6 5. O-O d6 6. c3 Bd7 7. Re1 g6 8. d4 Bg7
9. Bxc6 Bxc6 10. dxe5 Nxe4 11. exd6 Qxd6 12. Qxd6 cxd6 13. Nd4 Bxd4 14. cxd4 Kd7
15. f3 Nf6 16. Nc3 Rhe8 17. Bg5 Nd5 18. Nxd5 Bxd5 19. a3 Rac8 20. Rxe8 Rxe8 21.
Kf2 Rc8 22. Rc1 Rxc1 23. Bxc1 Bc4 24. Bf4 Ke6 25. Ke3 Bf1 26. g4 Bc4 27. h4 h5 1/2-1/2

[Event "24th ch-EUR Indiv 2024"]
[Site "Petrovac MNE"]
[Date "2024.11.10"]
[Round "3.24"]
[White "Navara, David"]
[Black "Agdelen, Huseyin Can"]
[Result "1/2-1/2"]
[WhiteTitle "GM"]
[BlackTitle "IM"]
[WhiteElo "2674"]
[BlackElo "2407"]
[WhiteFideId "309095"]
[BlackFideId "6352260"]
[EventDate "2024.11.08"]

1. d4 Nf6 2. c4 e6 3. Nc3 Bb4 4. e3 O-O 5. Bd2 d5 6. Nf3 b6 7. cxd5 exd5 8. Rc1
a6 9. Bd3 Re8 10. Ne5 Bd6 11. f4 Bb7 12. O-O c5 13. Kh1 Nc6 14. Nxd5 Bxe5 15.
fxe5 Qxd5 16. exf6 Ne5 17. e4 Qxd4 18. Bc2 Bxe4 1/2-1/2

[Event "24th ch-EUR Indiv 2024"]
[Site "Petrovac MNE"]
[Date "2024.11.10"]
[Round "3.25"]
[White "Seo, Jung Min"]
[Black "Van Foreest, Jorden"]
[Result "1/2-1/2"]
[WhiteTitle "IM"]
[BlackTitle "GM"]
[WhiteElo "2505"]
[BlackElo "2687"]
[WhiteFideId "1734687"]
[BlackFideId "1039784"]
[EventDate "2024.11.08"]

1. d4 Nf6 2. c4 e6 3. Nf3 d5 4. Nc3 c6 5. e3 Nbd7 6. Qc2 Bd6 7. Bd3 O-O 8. O-O
dxc4 9. Bxc4 e5 10. h3 Qe7 11. a3 Bb8 12. Ba2 h6 13. dxe5 Nxe5 14. Nxe5 Bxe5 15.
Bd2 Be6 16. Bxe6 Qxe6 17. Rfd1 Rfe8 18. Ne2 Ne4 19. Be1 c5 20. Rac1 Rac8 21. a4
Bb8 22. Nc3 Ng5 23. Nd5 Nf3+ 24. gxf3 Qxh3 25. f4 Re6 26. f5 Bh2+ 27. Kh1 Re5
28. f3 Bg3+ 29. Kg1 Bxe1 30. e4 Bg3 31. Qg2 Qh4 32. Rc3 Ree8 33. f6 g6 34. f4
Bxf4 35. Rh3 Qg5 36. Qxg5 Bxg5 37. Ne7+ Rxe7 38. fxe7 Re8 39. Rd7 Rxe7 40. Rxe7
Bxe7 41. Rxh6 Bf6 42. b3 Kf8 43. Kg2 Ke7 44. Kf3 Ke6 45. Rh1 b6 46. Rd1 Bd4 47.
b4 f5 48. bxc5 Bxc5 1/2-1/2

[Event "24th ch-EUR Indiv 2024"]
[Site "Petrovac MNE"]
[Date "2024.11.10"]
[Round "3.26"]
[White "Maksimovic, Bojan"]
[Black "Ponomariov, Ruslan"]
[Result "1/2-1/2"]
[WhiteTitle "IM"]
[BlackTitle "GM"]
[WhiteElo "2504"]
[BlackElo "2653"]
[WhiteFideId "14408120"]
[BlackFideId "14103320"]
[EventDate "2024.11.08"]

1. d4 Nf6 2. Bg5 e6 3. Nd2 c5 4. e3 cxd4 5. exd4 h6 6. Bf4 Be7 7. Ngf3 b6 8. a4
O-O 9. h3 d6 10. Be2 Ba6 11. Bb5 Bb7 12. O-O a6 13. Bd3 Nbd7 14. Re1 Re8 15. Bh2
Bf8 16. c3 Qc7 17. Nc4 Nd5 18. Qe2 N7f6 19. Ncd2 g6 20. Qf1 Bg7 21. Nc4 Bf8 22.
Ncd2 Bg7 23. Nc4 Bf8 24. Ncd2 1/2-1/2

[Event "24th ch-EUR Indiv 2024"]
[Site "Petrovac MNE"]
[Date "2024.11.10"]
[Round "3.27"]
[White "Warmerdam, Max"]
[Black "Boyer, Mahel"]
[Result "1/2-1/2"]
[WhiteTitle "GM"]
[BlackTitle "IM"]
[WhiteElo "2653"]
[BlackElo "2506"]
[WhiteFideId "1048104"]
[BlackFideId "45102422"]
[EventDate "2024.11.08"]

1. c4 e6 2. Nc3 d5 3. d4 a6 4. cxd5 exd5 5. Nf3 Nf6 6. Bg5 Be6 7. e3 Nbd7 8. h3
c6 9. Bd3 Bd6 10. Bf4 Qc7 11. Qd2 O-O 12. O-O Rfe8 13. Rfe1 g6 14. Bh6 Kh8 15.
Ne2 Ne4 16. Qc2 f5 17. Rab1 Re7 18. Bf4 Kg7 19. b4 h6 20. Qb2 Bf7 21. a4 g5 22.
Bxd6 Qxd6 23. Nh2 Rae8 24. Nf1 Qf6 25. b5 axb5 26. axb5 Bg6 27. bxc6 bxc6 28.
Rec1 f4 29. f3 Nd6 30. Bxg6 Qxg6 31. Rxc6 Rb8 32. Qxb8 Nxb8 33. Rxb8 Qd3 34.
Neg3 fxg3 35. Rxd6 Qd1 36. Rdb6 Rc7 37. R8b7 Rxb7 38. Rxb7+ Kf6 39. Rb6+ Ke7 40.
Rb7+ Kd6 41. Rb6+ Kc7 42. Rb2 h5 43. Rd2 Qe1 44. Rc2+ Kd6 45. Rd2 h4 46. Rc2 Qd1
47. Ra2 Kc6 1/2-1/2

[Event "24th ch-EUR Indiv 2024"]
[Site "Petrovac MNE"]
[Date "2024.11.10"]
[Round "3.28"]
[White "Samadov, Read"]
[Black "Pichot, Alan"]
[Result "1/2-1/2"]
[WhiteTitle "IM"]
[BlackTitle "GM"]
[WhiteElo "2490"]
[BlackElo "2649"]
[WhiteFideId "13417444"]
[BlackFideId "110973"]
[EventDate "2024.11.08"]

1. d4 Nf6 2. c4 e6 3. Nf3 d5 4. Nc3 dxc4 5. e4 b5 6. e5 Nd5 7. Nxb5 Nb6 8. Be2
Nc6 9. O-O Be7 10. Qd2 O-O 11. Qf4 Rb8 12. Nc3 Nb4 13. Rd1 Kh8 14. Qg4 f5 15.
exf6 gxf6 16. Qh4 N4d5 17. Ne4 Na4 18. Bxc4 Nxb2 19. Rb1 Ba6 20. Rxb2 Bxc4 21.
Rc2 Ba6 22. Nc5 Bc8 23. Re1 Rb6 24. Bf4 e5 25. dxe5 Rb4 26. Nd3 Ra4 27. Qh6 Bf5
28. Rd2 Bxd3 29. Rxd3 Rxf4 30. Rxd5 Qxd5 31. Qxf4 Qxa2 32. e6 Qa5 33. h3 Rd8 34.
Rc1 Qb6 35. Qf5 a5 36. Ne5 fxe5 37. Qxe5+ Kg8 38. Qg3+ Kh8 39. Qe5+ Kg8 40. Qg3+ 1/2-1/2

[Event "24th ch-EUR Indiv 2024"]
[Site "Petrovac MNE"]
[Date "2024.11.10"]
[Round "3.29"]
[White "Sargissian, Gabriel"]
[Black "Ohanyan, Emin"]
[Result "1/2-1/2"]
[WhiteTitle "GM"]
[BlackTitle "GM"]
[WhiteElo "2640"]
[BlackElo "2504"]
[WhiteFideId "13300881"]
[BlackFideId "13312022"]
[EventDate "2024.11.08"]

1. c4 e6 2. Nf3 d5 3. g3 Nf6 4. Bg2 Be7 5. O-O O-O 6. d4 dxc4 7. Qa4 b6 8. Qxc4
Bb7 9. Nc3 Nbd7 10. Rd1 c5 11. dxc5 Bxc5 12. Bg5 Qc8 13. Qf4 h6 14. Bxf6 Nxf6
15. Ne5 Bxg2 16. Kxg2 Qb7+ 17. Qf3 Qxf3+ 18. Kxf3 Rfd8 19. Rac1 Kf8 20. Rxd8+
Rxd8 21. Nd3 Bd6 22. Nb5 Bb8 23. Nb4 a5 24. Nc6 Rc8 25. Rc4 Nd7 26. Ke3 Nc5 27.
Nxb8 Rxb8 28. Rd4 Ke7 29. Na7 Ra8 30. Nc6+ Ke8 31. Rg4 g5 32. h4 f6 33. Rd4 Nb7
34. hxg5 hxg5 35. Rd3 e5 36. b4 axb4 37. Nxb4 Nc5 38. Rc3 Ra4 39. Nd5 Re4+ 40.
Kf3 g4+ 41. Kg2 Rxe2 42. Nxf6+ Ke7 43. Nxg4 Rxa2 44. Nxe5 Rxf2+ 1/2-1/2

[Event "24th ch-EUR Indiv 2024"]
[Site "Petrovac MNE"]
[Date "2024.11.10"]
[Round "3.30"]
[White "Rodshtein, Maxim"]
[Black "Sivuk, Vitaly"]
[Result "1/2-1/2"]
[WhiteTitle "GM"]
[BlackTitle "GM"]
[WhiteElo "2636"]
[BlackElo "2502"]
[WhiteFideId "2806851"]
[BlackFideId "14116502"]
[EventDate "2024.11.08"]

1. c4 e6 2. g3 d5 3. Bg2 dxc4 4. Qa4+ Nd7 5. Qxc4 a6 6. d3 c5 7. a4 Bd6 8. a5
Ne7 9. Nf3 Nc6 10. Nbd2 O-O 11. Qa4 Nde5 12. Nxe5 Nxe5 13. Qc2 Rb8 14. O-O Qe7
15. f4 Ng4 16. Nc4 Bd7 17. e4 Bc7 18. h3 Nf6 19. Be3 Rfc8 20. Qf2 Bd8 21. Rfc1
Bb5 22. e5 Ne8 23. Ra3 Bxc4 24. Rxc4 b6 25. axb6 Bxb6 26. Rxa6 Qd8 27. Ra3 g6
28. Be4 Nc7 29. Kh2 Nd5 30. Bc1 Ba5 31. Qf3 Bb4 32. Ra6 Nb6 33. Rc2 Qd7 34. Be3
Qb5 35. Ra1 c4 36. dxc4 Rxc4 37. Rac1 Rxc2+ 38. Rxc2 Bf8 39. Bf2 Qb4 40. Qe2 Na4
41. h4 h5 42. Bc6 Nc5 43. Kh3 Rd8 44. Be1 Qb3 45. Ba5 Rd3 46. Bc3 Rd8 47. Bf3
Na4 48. Be1 Rd3 49. Bc6 Re3 50. Bxa4 Rxe2 51. Bxb3 Rxe1 52. Ba4 Bb4 53. Rc4 Bd2
54. Rd4 Be3 55. Rd8+ Kg7 56. Bd1 Bc5 57. Rd7 Kf8 58. Kg2 Re3 59. Rd2 Bb4 60. Rd4
Be1 61. Bf3 Rb3 62. Re4 1/2-1/2

[Event "24th ch-EUR Indiv 2024"]
[Site "Petrovac MNE"]
[Date "2024.11.10"]
[Round "3.31"]
[White "Kjartansson, Gudmundur"]
[Black "Gurel, Ediz"]
[Result "0-1"]
[WhiteTitle "GM"]
[BlackTitle "GM"]
[WhiteElo "2470"]
[BlackElo "2635"]
[WhiteFideId "2301318"]
[BlackFideId "44507356"]
[EventDate "2024.11.08"]

1. d4 Nf6 2. c4 e6 3. Nf3 d5 4. Nc3 c6 5. Bg5 h6 6. Bxf6 Qxf6 7. e3 g6 8. Be2
Nd7 9. O-O dxc4 10. Nd2 Bg7 11. Nxc4 O-O 12. f4 Qe7 13. e4 Nb6 14. Nxb6 axb6 15.
a3 Rd8 16. e5 Qd7 17. Na4 Qc7 18. Nc3 Qd7 19. Na4 Qc7 20. Nc3 Bd7 21. Qc2 Be8
22. Rad1 Qe7 23. Bf3 Rd7 24. Rd2 Rad8 25. Rfd1 g5 26. fxg5 Qxg5 27. Kh1 c5 28.
Ne4 Qf4 29. Nf6+ Bxf6 30. exf6 Rxd4 31. Rxd4 cxd4 32. Bxb7 d3 33. Qc3 e5 34. Qd2
Qxf6 35. Qc3 d2 36. Bf3 Qf4 37. g3 Qd4 38. Qxd4 Rxd4 39. b3 e4 40. Be2 e3 41.
Kg1 Bc6 42. Kf1 Rd6 43. Bh5 Bb5+ 0-1

[Event "24th ch-EUR Indiv 2024"]
[Site "Petrovac MNE"]
[Date "2024.11.10"]
[Round "3.32"]
[White "Olsen, Filip Boe"]
[Black "Santos Latasa, Jaime"]
[Result "1/2-1/2"]
[WhiteTitle "IM"]
[BlackTitle "GM"]
[WhiteElo "2470"]
[BlackElo "2630"]
[WhiteFideId "1440640"]
[BlackFideId "2293307"]
[EventDate "2024.11.08"]

1. Nf3 Nf6 2. c4 c5 3. Nc3 Nc6 4. d4 cxd4 5. Nxd4 e6 6. e4 Bc5 7. Nb3 Bb4 8. Bd3
d5 9. exd5 exd5 10. O-O dxc4 11. Qe2+ Qe7 12. Bxc4 Qxe2 13. Bxe2 O-O 14. Be3 Bg4 1/2-1/2

[Event "24th ch-EUR Indiv 2024"]
[Site "Petrovac MNE"]
[Date "2024.11.10"]
[Round "3.33"]
[White "Svane, Rasmus"]
[Black "Rozen, Eytan"]
[Result "1-0"]
[WhiteTitle "GM"]
[BlackTitle "IM"]
[WhiteElo "2628"]
[BlackElo "2482"]
[WhiteFideId "4657101"]
[BlackFideId "2816750"]
[EventDate "2024.11.08"]

1. d4 d5 2. c4 c6 3. Nf3 Nf6 4. e3 e6 5. b3 Ne4 6. Bd3 Bb4+ 7. Nfd2 f5 8. Qh5+
g6 9. Qe2 Nd7 10. O-O O-O 11. Bb2 Qe7 12. f3 Nxd2 13. Nxd2 e5 14. cxd5 cxd5 15.
Rac1 e4 16. fxe4 fxe4 17. Bxe4 Rxf1+ 18. Rxf1 Nb6 19. Bd3 Bg4 20. Nf3 Re8 21.
Bc1 Qe6 22. h3 Bxf3 23. Rxf3 Bf8 24. Rf1 Bh6 25. Rf3 Nc8 26. Qf2 Nd6 27. Qh4 Kg7
28. Bd2 a6 29. Kh1 Nf7 30. Qg3 Nd6 31. Bb4 Nf7 32. Qc7 Bxe3 33. Qxb7 Bxd4 34.
Bxa6 Be5 35. Bd2 Re7 36. Qc8 Qxc8 37. Bxc8 Rc7 38. Be6 Nd6 39. Bxd5 Rc2 40. Rd3
Rxa2 41. g4 h5 42. Kg1 hxg4 43. hxg4 Kf6 44. Kf1 g5 45. b4 Rb2 46. Ke1 Rb1+ 47.
Ke2 Nb5 48. Re3 Bf4 49. Re6+ Kg7 50. Re7+ Kf6 51. Re6+ Kg7 52. Re7+ Kf6 53. Rf7+
Ke5 54. Rf5+ Kd4 55. Bxf4 Nc3+ 56. Kf3 Nxd5 57. Be5+ Kd3 58. Rxg5 Rxb4 59. Bd6
Rd4 60. Rg6 Ne3 61. g5 Nf5 62. Bg3 Kc4 63. Bf2 Kd5 64. Rf6 Rd3+ 65. Kg4 Nd6 66.
g6 Ne8 67. Rf8 Ng7 68. Rf7 Ne6 69. Rd7+ Ke4 70. Rxd3 Kxd3 71. Kf5 Ng7+ 72. Ke5
Ke2 73. Kf6 Nh5+ 74. Kg5 Ng7 75. Bd4 Ne8 76. Kf4 Kd3 77. Ke5 Kc4 78. Bb2 Kd3 79.
Ke6 Ke4 80. Be5 1-0

[Event "24th ch-EUR Indiv 2024"]
[Site "Petrovac MNE"]
[Date "2024.11.10"]
[Round "3.34"]
[White "Babazada, Khazar"]
[Black "Durarbayli, Vasif"]
[Result "1/2-1/2"]
[WhiteTitle "IM"]
[BlackTitle "GM"]
[WhiteElo "2459"]
[BlackElo "2626"]
[WhiteFideId "13413554"]
[BlackFideId "13402935"]
[EventDate "2024.11.08"]

1. e4 c5 2. Nf3 d6 3. d4 cxd4 4. Nxd4 Nf6 5. Nc3 a6 6. Bg5 e6 7. f4 h6 8. Bh4
Qb6 9. a3 Be7 10. Bf2 Qc7 11. Qf3 Nc6 12. Bd3 Nxd4 13. Bxd4 e5 14. fxe5 dxe5 15.
Qg3 Be6 16. Bxe5 Qc5 17. b4 Qc6 18. O-O O-O-O 19. Kh1 h5 20. h3 h4 21. Qf3 Nh5
22. Nd5 Bd6 23. c4 Kb8 24. Bd4 Ng3+ 25. Kg1 Nxf1 26. Rxf1 f6 27. Bf2 Qe8 28. Qe3
Kc8 29. Qa7 Qh5 30. c5 Bb8 31. Ne7+ Kd7 32. Qxb7+ Ke8 33. Nd5 Qf7 34. Qxa6 Kf8
35. Bd4 Rh6 36. Qb6 Re8 37. Bb5 Rg6 38. Bxe8 Qxe8 39. Nf4 Bxf4 40. Rxf4 Bxh3 41.
Rxh4 Rxg2+ 42. Kh1 Kg8 43. Bxf6 gxf6 44. Rxh3 Rg7 45. Rh4 Rh7 1/2-1/2

[Event "24th ch-EUR Indiv 2024"]
[Site "Petrovac MNE"]
[Date "2024.11.10"]
[Round "3.35"]
[White "Hakobyan, Aram"]
[Black "Zanan, Evgeny"]
[Result "1-0"]
[WhiteTitle "GM"]
[BlackTitle "GM"]
[WhiteElo "2623"]
[BlackElo "2463"]
[WhiteFideId "13306677"]
[BlackFideId "24101940"]
[EventDate "2024.11.08"]

1. e4 e5 2. Nf3 Nc6 3. Bc4 Nf6 4. d3 Be7 5. Nc3 O-O 6. a3 d6 7. Be3 Be6 8. Ng5
Bxc4 9. dxc4 Qd7 10. h3 Nd8 11. Qe2 Ne6 12. O-O-O Nxg5 13. Bxg5 Nd5 14. cxd5
Bxg5+ 15. Kb1 Rab8 16. Rd3 b5 17. Qg4 Qe7 18. Ne2 Bh4 19. g3 Bf6 20. Nc1 b4 21.
axb4 Rxb4 22. Rb3 Rb6 23. h4 Qe8 24. Re1 g6 25. h5 Bg7 26. hxg6 fxg6 27. Rf3
Rxf3 28. Qxf3 Qa4 29. Qg4 Rxb2+ 30. Kxb2 Qd4+ 31. Kb3 Qb6+ 32. Ka2 Qa5+ 33. Kb2
Qxe1 34. Qe6+ Kf8 35. Qc8+ Kf7 36. Qe6+ Kf8 37. Qc8+ Kf7 38. Qxc7+ Kg8 39. Qxd6
Qxe4 40. Qe6+ Kf8 41. Qc8+ Kf7 42. Qe6+ Kf8 43. d6 Qb4+ 44. Nb3 e4+ 45. Ka2 Qc3
46. Qe7+ Kg8 47. Qd8+ Kf7 48. Qc7+ Ke6 49. Qxc3 Bxc3 50. Nc5+ Kd5 51. d7 Bf6 52.
Nb7 h5 53. d8=Q+ Bxd8 54. Nxd8 g5 55. Nf7 h4 56. Nxg5 e3 57. fxe3 hxg3 58. Kb3
g2 59. c4+ Ke5 60. Nh3 Ke4 61. Ka4 Kf3 62. c5 Kg3 63. Nf4 1-0